00300nam a2200109 a 4500008004100000050001600041100003000057245005900087246002400146260001100170350000900181120416s9999 ||||||||||||||||| || u aNA 9031 Abe aAbercombie, Sir, Partrick10aTown and country planningcrevised by D. Rigiby Bhilds aPatrick Abercrombie a[1959] a0.00